000 00627nam a2200193Ii 4500
003 JO-AjNU
008 230605s9999||||xx |||||||||||||| ||und||
040 _aJO-AjNU
_bara
_erda
_cJO-AjNU
041 _aara
050 1 4 _aPT3829.Z4 K312 1985
100 3 _aزفايغ ، ستيفان؛ ترجمة قصي اتاسي ، ميشيل واكيم ,
_eauthor
_937404
245 0 0 _aكازانوفا
264 3 1 _aدمشق :دار طلاس ،1985
300 _a204ص
336 _atext
_btxt
_2rdacontent
337 _aunmediated
_bn
_2rdamedia
338 _avolume
_bnc
_2rdacarrier
650 4 _aالقصص الألمانية 
_937405
999 _aA15625
_c19193
_d19193